01098nam a22003137a 4500003000500000005001700005008004100022010001000063011001000073035001000083040000900093082001600102100002300118245011100141260006400252300001100316501003200327590004100359590004100400590004100441590004200482650002400524700002900548901000700577942001000584949005500594999001700649952011800666CHAP20220329141116.0971014s1883 r 00010 d a62703 a63675 a67852 cCHAP a636.082bD500aDillman, C.932588 aManual del ganadro mexicanob: instrucciones para el establecimiento y dirección de las fincas ganaderas aMéxico, D.F. :bImprenta y Litografía Española,c1883 a419 p. aEnc. con impresos similares aBATCH-UPDb10c20130110lUCH01h0409 aBATCH-UPDb10c20130410lUCH01h0043 aBATCH-UPDb10c20130914lUCH01h1203 aCONVERSIONb10c20130109lUCH01h133414aGanadería.9446040 aGarcía, Miguel.946797 aBK cLIBRO a636.082 D5bBCcBPPd-154028eBPPh24225i67852si c62703d62703 00102ddc4051708FRaBCbBCd2019-12-31fLIBROl0o636.082 D5p-154028r2019-12-31 00:00:00w2019-12-31yLIBRO